Les pays du monde... par apparition - Statistiques

Statistiques générales
  • Ce quiz a été pris 134 fois
    87 depuis la dernière actualisation
  • Le résultat moyen est 103 sur 188
Statistiques - réponses
Depuis Continent(s) PAYS SOUVERAINS AVANT 1800 % Correct
221 avt J.C. Asie Chine
97%
481 Europe France
95%
1861 Europe Italie
88%
1707 Europe Royaume-Uni
84%
1480 Asie/Europe Russie
82%
1813 Europe Espagne
79%
1776 Amérique Etats-Unis
78%
1832 Europe Grèce
78%
1592 Asie Japon
75%
1037 Asie/Europe Turquie
75%
1956 Afrique Maroc
73%
1501 Asie Iran
71%
1955 Europe Autriche
70%
1814 Europe Andorre
68%
1825 Amérique Brésil
68%
1867 Amérique Canada
68%
958 Europe Danemark
68%
1947 Asie Inde
68%
2008 Europe Kosovo
68%
1139 Europe Portugal
68%
1929 Europe Vatican
68%
1830 Europe Belgique
67%
1961 Afrique Egypte
66%
1918 Europe Finlande
66%
1932 Asie Irak
66%
1523 Europe Suède
66%
1991 Europe Croatie
64%
1916 Europe Irlande
64%
1948 Asie Israël
64%
1861 Europe Monaco
64%
1905 Europe Norvège
64%
1291 Europe Suisse
64%
1901 Océanie Australie
63%
1821 Amérique Mexique
63%
1648 Europe Pays-Bas
63%
301 Europe Saint-Marin
63%
2006 Europe Serbie
63%
1991 Europe Ukraine
63%
1816 Amérique Argentine
62%
1948 Asie Corée-du-Sud
62%
1821 Europe Liechtenstein
62%
1947 Asie Pakistan
62%
1878 Europe Roumanie
62%
1956 Afrique Soudan
62%
1993 Europe Tchéquie
62%
1927 Asie Arabie Saoudite
60%
1908 Europe Bulgarie
60%
1819 Amérique Colombie
60%
1135 Afrique Ethiopie
60%
1918 Europe Hongrie
60%
2011 Afrique Soudan-du-Sud
60%
1709 Asie Afghanistan
59%
1825 Amérique Bolivie
59%
1960 Afrique Congo
59%
1898 Amérique Cuba
59%
1990 Europe Lettonie
59%
1990 Europe Lituanie
59%
1911 Asie Mongolie
59%
2006 Europe Monténégro
59%
1907 Océanie Nouvelle-Zélande
59%
1993 Europe Slovaquie
59%
1991 Europe Slovénie
59%
1976 Asie Viet-Nam
59%
1190 Europe Albanie
58%
1948 Asie Corée-du-Nord
58%
1991 Europe Estonie
58%
1949 Asie Indonésie
58%
1918 Europe Islande
58%
1949 Asie Laos
58%
1943 Asie Liban
58%
1890 Europe Luxembourg
58%
1975 Amérique Suriname
58%
1975 Asie Thaïlande
58%
1956 Afrique Tunisie
58%
1910 Afrique Afrique-du-Sud
56%
1953 Asie Cambodge
56%
1844 Amérique Chili
56%
1804 Amérique Haïti
56%
1951 Afrique Libye
56%
1991 Europe Macédoine
56%
1744 Asie Oman
56%
1824 Amérique Pérou
56%
1960 Afrique Somalie
56%
1828 Amérique Uruguay
56%
1990 Asie Yemen
56%
1975 Afrique Angola
55%
1991 Europe Arménie
55%
1991 Europe Biélorussie
55%
1948 Asie Birmanie
55%
1992 Europe Bosnie-Herzégovine
55%
1830 Amérique Equateur
55%
1960 Afrique Madagascar
55%
1991 Europe Moldavie
55%
1960 Afrique Niger
55%
1991 Asie Ouzbékistan
55%
1811 Amérique Paraguay
55%
1960 Afrique Sénégal
55%
1961 Asie Syrie
55%
1838 Amérique Costa Rica
53%
1958 Afrique Guinée
53%
1966 Amérique Guyana
53%
1991 Asie Kirghizistan
53%
1975 Afrique Mozambique
53%
1768 Asie Népal
53%
1830 Amérique Venezuela
53%
1963 Afrique Kenya
52%
1966 Afrique Lesotho
52%
1960 Afrique Mauritanie
52%
1838 Amérique Nicaragua
52%
1960 Afrique Nigeria
52%
1991 Asie/Europe Azerbaïdjan
51%
1949 Asie Bhoutan
51%
1960 Afrique Burkina Faso
51%
1960 Europe Chypre
51%
1978 Amérique Dominique
51%
1838 Amérique Honduras
51%
1962 Amérique Jamaïque
51%
1847 Afrique Liberia
51%
1903 Amérique Panama
51%
1946 Asie Philippines
51%
1865 Amérique République dominicaine
51%
1962 Afrique Rwanda
51%
1979 Amérique Sainte-Lucie
51%
1991 Asie Tadjikistan
51%
1960 Afrique Tchad
51%
1991 Asie Turkménistan
51%
1980 Afrique Zimbabwe
51%
1971 Asie Bahreïn
49%
1960 Afrique Centrafrique
49%
1971 Asie Emirats Arabes Unis
49%
1968 Afrique Eswatini
49%
1961 Asie Koweït
49%
1957 Asie Malaisie
49%
1960 Afrique Mali
49%
1979 Amérique Saint Vincent et les Grenadines
49%
1973 Amérique Bahamas
48%
1981 Amérique Belize
48%
1984 Asie Bruneï
48%
1962 Afrique Burundi
48%
1993 Afrique Erythrée
48%
1970 Océanie Fidji
48%
1983 Amérique Saint Christophe et Niévès
48%
1841 Amérique Salvador
48%
1965 Asie Singapour
48%
1948 Asie Sri Lanka
48%
1978 Océanie Tuvalu
48%
1971 Asie Bangladesh
47%
1960 Afrique Cameroun
47%
1977 Afrique Djibouti
47%
1946 Asie Jordanie
47%
1968 Afrique Maurice
47%
2002 Asie Timor oriental
47%
1980 Océanie Vanuatu
47%
1964 Afrique Zambie
47%
1966 Amérique Barbade
45%
1966 Afrique Botswana
45%
1975 Afrique Cap-vert
45%
1960 Afrique Côte d'Ivoire
45%
1960 Afrique Gabon
45%
1974 Amérique Grenade
45%
1839 Amérique Guatemala
45%
1979 Océanie Kiribati
45%
1965 Asie Maldives
45%
1990 Afrique Namibie
45%
1976 Afrique Seychelles
45%
1960 Afrique Togo
45%
1981 Amérique Antigua et Barbuda
44%
1960 Afrique Bénin
44%
1957 Afrique Ghana
44%
1978 Asie Salomon
44%
1961 Afrique Sierra Leone
44%
1965 Afrique Gambie
42%
1990 Océanie Micronésie
42%
1968 Océanie Nauru
42%
1962 Afrique Ouganda
42%
1962 Océanie Samoa
42%
1961 Afrique Tanzanie
42%
1970 Océanie Tonga
42%
1975 Afrique Sao Tomé et Principe
41%
1962 Amérique Trinité-et-Tobago
41%
1994 Océanie Palaos
40%
1975 Asie Papouasie-Nouvelle-Guinée
38%
1964 Afrique Malawi
37%
1991 Asie Kazakstan
36%
1990 Océanie Marshall
36%
1965 Océanie Cook
5%
1974 Océanie Niue
4%
Aucun quiz correspondant
Distribution des résultats
% des personnes avec chaque résultat
Percentile par nombre de réponses
Votre historique - résultats
Vous n’avez pas pris ce quiz depuis la dernière actualisation